Faculty of Law Library — Cairo University

Official Online Catalog

Les Codes Mixtes D'égypte : (Record no. 73774)

MARC details
000 -LEADER
fixed length control field 01199nam a2200289 i 4500
003 - CONTROL NUMBER IDENTIFIER
control field EG-GICUC
005 - DATE AND TIME OF LATEST TRANSACTION
control field 20260428090643.0
008 - FIXED-LENGTH DATA ELEMENTS--GENERAL INFORMATION
fixed length control field 260428s1932 ua ||||fr|||| 000 0 fre d
040 ## - CATALOGING SOURCE
Original cataloging agency EG-GiCUC
Language of cataloging fre
Transcribing agency EG-GiCUC
Modifying agency EG-GiCUC
Description conventions Rda
041 #0 - LANGUAGE CODE
Language code of text/sound track or separate title fre
082 04 - DEWEY DECIMAL CLASSIFICATION NUMBER
Edition number 21
Classification number 343.3721
Item number PA . C
092 04 - LOCALLY ASSIGNED DEWEY CALL NUMBER (OCLC)
Edition number 21
099 ## - LOCAL FREE-TEXT CALL NUMBER (OCLC)
Classification number Law1 10 343.3721 PA . C 1932
100 0# - MAIN ENTRY--PERSONAL NAME
Personal name Pace, Umberto
Relator term Auteur
245 14 - TITLE STATEMENT
Title Les Codes Mixtes D'égypte :
Remainder of title Précédés Du Règlement D'organisation Judiciaire /
Statement of responsibility, etc. Par Umberto Pace.
250 ## - EDITION STATEMENT
Edition statement Nouvelle Édition Publiée Par Le Bulletin De Législation Et De Jurisprudence Égyptiennes, Mise A Jour Et Annotée Des Anciens Textes Des Codes, Des Lois, Décrets, Arrêtés Les Plus Importants, Ainsi Que Des Décisions Des Chambres Réunies De La Cour D'appel Mixte
264 #1 - PRODUCTION, PUBLICATION, DISTRIBUTION, MANUFACTURE, AND COPYRIGHT NOTICE
Place of production, publication, distribution, manufacture Alexandrie :
Name of producer, publisher, distributor, manufacturer ibrairie Judiciaire AU Bon Livre,
Date of production, publication, distribution, manufacture, or copyright notice 1932.
300 ## - PHYSICAL DESCRIPTION
Extent 336 page ,
Dimensions 24 cm.
336 ## - CONTENT TYPE
Source rda contenu
Content type term texte
337 ## - MEDIA TYPE
Source rda medias
Media type term Ordinateur
338 ## - CARRIER TYPE
Source transporteur rda
Carrier type term Ressource en ligne
546 ## - LANGUAGE NOTE
Language note Texte en français
650 14 - SUBJECT ADDED ENTRY--TOPICAL TERM
Topical term or geographic name entry element Droit pénal
856 40 - ELECTRONIC LOCATION AND ACCESS
Uniform Resource Identifier <a href="https://fll.law.cu.edu.eg/fulltext/bks/B10-11586.pdf">https://fll.law.cu.edu.eg/fulltext/bks/B10-11586.pdf</a>
905 ## - Cataloger and Reviser Names
Cataloger Name: Basma Mohamed
942 ## - ADDED ENTRY ELEMENTS (KOHA)
Source of classification or shelving scheme Dewey Decimal Classification
Koha item type Books
Edition 21
Suppress in OPAC No
Holdings
Withdrawn status Lost status Source of classification or shelving scheme Damaged status Not for loan Collection Home library Current library Date acquired Total checkouts Full call number Barcode Date last seen Copy number Price effective from Koha item type
    Dewey Decimal Classification   Not for loan القانون الجنائي جــــامعة القــاهرة مكتبة كلية الحقوق - المبنى الرئيسي 28.04.2026   Law1 10 343.3721 PA . C 1932 1011586 C1 B10-11586 28.04.2026 1 28.04.2026 Books

© All rights reserved — Faculty of Law, Cairo University